000 00330nam a2200145Ia 4500
005 20251020182613.0
008 200515s9999 xx 000 0 und d
082 _aSC/69/M38
100 _aMEIER, Hans W
245 0 _aConstruction Specification Hand
260 _as.c.
260 _c19??
650 _aCONSTRUCTION
942 _cLIB
999 _c3426
_d3426